Poemas

Enregistré dans:
Détails bibliographiques
Auteur principal: Drummond de Andrade, Carlos
Format: Livre
Langue:Undetermined
Publié: Lima, Perú Embajada del Brasil 1989
Sujets:
Tags: Ajouter un tag
Pas de tags, Soyez le premier à ajouter un tag!

MARC

LEADER 00000nam a2200000Ia 4500
008 170316s9999 xx 000 0 und d
040 |a cru BVZT 
090 |a 869 D-2p 
100 |a Drummond de Andrade, Carlos 
245 |a Poemas 
260 |a Lima, Perú 
260 |b Embajada del Brasil 
260 |c 1989 
300 |a 97 páginas 
650 |a LITERATURA BRASILEÑA 
999 |c 11697  |d 11697 
942 |c 15 D  |h 869 D-2p  |2 z